| 000 | 00355nam a2200133Ia 4500 | ||
|---|---|---|---|
| 008 | 240624s9999 xx 000 0 und d | ||
| 041 | _aeng | ||
| 082 | _a658.4012 CUS | ||
| 100 | _aCUSUMANO MICHAEL A | ||
| 245 | _aSTAYING POWER SIX ENDURING PRINCIPLES FO | ||
| 260 |
_c2013 _aUnited Kingdom _bOxford |
||
| 300 | _axix, 367 p.; 23 cm. | ||
| 365 |
_cBPS _b29 |
||
| 999 |
_c30866 _d30866 |
||